000 00335nam a2200133Ia 4500
008 240624s9999 xx 000 0 und d
041 _aeng
082 _a658.4038011 GUP
100 _aGUPTA A K
245 _aMANAGEMENT INFORMATION SYSTEMS
260 _c2003
_aNew Delhi
_bS. Chand
300 _avii, : 320 : p. : cm. ; 24
365 _cRS
999 _c5418
_d5418